000 00543ntaaa2200193 4500
003 01
005 20251027202738.0
008 0714s1973 ag 01
040 _aAR-BaBN
_bspa
_cAR-BaBN
_eaacr
_dRIC
082 _a745.5000 Sa2
100 _aSakade, Florence
_927483
245 _aOrigami
250 _a1 ed.
260 _aTokyo :
_bCharles E Tuttle Company,
_cc1957, 1968
300 _a3 tomos
500 _aPatrones de trabajos para hacer en pliegues de papel. De procedencia japonesa.
650 _atrabajos manuales
_917557
942 _cBK
999 _c22709
_d22709